[Event "Copenhagen GoAudit op"]
[Site "Copenhagen"]
[Date "2023.11.12"]
[Round "6"]
[White "Nielsen, Viktor Haarmark"]
[Black "Andries, Alf"]
[Result "1-0"]
[WhiteElo "2372"]
[BlackElo "2057"]
[PlyCount "67"]
[EventDate "2023.11.10"]
[EventType "swiss"]
[EventRounds "7"]
[EventCountry "DEN"]
[SourceTitle "CB47_2023"]
[SourceDate "2023.11.22"]
[SourceVersion "1"]
[SourceVersionDate "2023.11.22"]
[SourceQuality "1"]

1. d4 Nf6 2. c4 e6 3. Nf3 Bb4+ 4. Bd2 Qe7 5. g3 Bxd2+ 6. Qxd2 Nc6 7. Nc3 d5 8. Ne5 dxc4 9. Bg2 Nxe5 10. dxe5 Nd7 11. Qd4 Nb6 12. 0-0 0-0 13. Rfd1 Rb8 14. Ne4 Nd7 15. Qxa7 Qb4 16. Qd4 Qb6 17. Qxb6 cxb6 18. f4 Nc5 19. Nd6 b5 20. Nxb5 Bd7 21. Nd6 b5 22. Rac1 Na6 23. b3 Nb4 24. Rd2 cxb3 25. axb3 Rb6 26. Rc7 Bc6 27. Nc8 Bxg2 28. Nxb6 Nd5 29. Nxd5 Bxd5 30. b4 Bc4 31. Kf2 h5 32. e4 Ra8 33. Rdd7 Ra2+ 34. Ke3 1-0

[Event "Norway Chess op"]
[Site "Stavanger"]
[Date "2023.06.01"]
[Round "8"]
[White "Vestly, Jan Vidar"]
[Black "Andries, Alf"]
[Result "1/2-1/2"]
[WhiteElo "2088"]
[BlackElo "2071"]
[PlyCount "30"]
[EventDate "2023.05.27"]
[EventType "swiss"]
[EventRounds "10"]
[EventCountry "NOR"]
[SourceTitle "CBM 214 Extra"]
[Source "ChessBase"]
[SourceDate "2023.07.31"]
[SourceVersion "1"]
[SourceVersionDate "2023.07.31"]
[SourceQuality "1"]

1. d4 Nf6 2. Bf4 e6 3. e3 c5 4. c3 d5 5. Nd2 Bd6 6. Bg3 0-0 7. Bd3 Qc7 8. Ngf3 Nbd7 9. c4 cxd4 10. exd4 Bxg3 11. hxg3 e5 12. Nxe5 Nxe5 13. Bxh7+ Kh8 14. Bd3+ Kg8 15. Bh7+ Kh8 1/2-1/2

[Event "Norway Chess op"]
[Site "Stavanger"]
[Date "2023.05.29"]
[Round "5"]
[White "Andries, Alf"]
[Black "Eliseev, Sergey1111"]
[Result "0-1"]
[WhiteElo "2071"]
[BlackElo "1970"]
[PlyCount "94"]
[EventDate "2023.05.27"]
[EventType "swiss"]
[EventRounds "10"]
[EventCountry "NOR"]
[SourceTitle "CBM 214 Extra"]
[Source "ChessBase"]
[SourceDate "2023.07.31"]
[SourceVersion "1"]
[SourceVersionDate "2023.07.31"]
[SourceQuality "1"]

1. e4 e5 2. Nf3 Nc6 3. d4 exd4 4. Nxd4 Nf6 5. Nxc6 bxc6 6. e5 Qe7 7. Qe2 Nd5 8. c4 Ba6 9. b3 g6 10. f4 d6 11. Qd2 Nf6 12. Ba3 Qe6 13. Qa5 dxe5 14. fxe5 Nd7 15. Bb2 Bg7 16. Nd2 Bxe5 17. 0-0-0 Bb7 18. Bxe5 Qxe5 19. Qxe5+ Nxe5 20. Re1 f6 21. Nf3 0-0 22. Nxe5 fxe5 23. Rxe5 Rf2 24. c5 Rxa2 25. Kb1 Rf2 26. Bc4+ Kf8 27. Rhe1 a5 28. Re7 Bc8 29. Rxh7 a4 30. b4 Rb8 31. b5 cxb5 32. Bd5 b4 33. g4 b3 34. Bc6 Kg8 35. Rh3 Bxg4 36. Bd5+ Kg7 37. Re7+ Kf8 38. Rf7+ Rxf7 39. Rh8+ Kg7 40. Rxb8 Rf1+ 41. Kb2 Rf5 42. Bc6 Rf2+ 43. Ka3 Ra2+ 44. Kb4 b2 45. Kc3 a3 46. Be4 Ra1 47. c6 Bf5 0-1

[Event "Copenhagen GoAudit op"]
[Site "Copenhagen"]
[Date "2022.11.06"]
[Round "6"]
[White "Andries, Alf"]
[Black "Petersen, Peter Birk"]
[Result "1/2-1/2"]
[WhiteElo "1948"]
[BlackElo "2167"]
[PlyCount "51"]
[EventDate "2022.11.04"]
[EventType "swiss"]
[EventRounds "7"]
[EventCountry "DEN"]
[SourceTitle "CBM 211 Extra"]
[Source "ChessBase"]
[SourceDate "2023.01.31"]
[SourceVersion "1"]
[SourceVersionDate "2023.01.31"]
[SourceQuality "1"]

1. e4 c5 2. Nf3 e6 3. d4 cxd4 4. Nxd4 Nc6 5. Nc3 Qc7 6. Qd3 a6 7. Nxc6 bxc6 8. Qg3 d6 9. Bc4 Nf6 10. 0-0 h5 11. Bg5 Be7 12. Qh4 Rb8 13. b3 Ng4 14. Bxe7 Qxe7 15. Qxe7+ Kxe7 16. Rfe1 h4 17. h3 Ne5 18. Be2 g5 19. f3 a5 20. Rad1 Bd7 21. Na4 c5 22. Nb2 a4 23. Nc4 Nxc4 24. Bxc4 Rb6 25. Rd2 Kf6 26. e5+ 1/2-1/2

[Event "DEN-ch U16 rapid"]
[Site "Odense"]
[Date "2022.09.30"]
[Round "3"]
[White "Andries, Alf"]
[Black "Perets, Dmitry"]
[Result "1/2-1/2"]
[WhiteElo "2092"]
[BlackElo "1791"]
[PlyCount "47"]
[EventDate "2022.09.30"]
[EventType "swiss"]
[EventRounds "5"]
[EventCountry "DEN"]
[SourceTitle "EXT 2024"]
[Source "ChessBase"]
[SourceDate "2023.10.10"]
[SourceVersion "1"]
[SourceVersionDate "2023.10.10"]
[SourceQuality "1"]

1. e4 c5 2. Nf3 Nc6 3. Bb5 g6 4. Bxc6 dxc6 5. d3 Bg7 6. h3 e5 7. Be3 b6 8. a3 a5 9. Nbd2 Ne7 10. b4 cxb4 11. axb4 a4 12. Nc4 b5 13. Na3 0-0 14. 0-0 h6 15. c4 Rb8 16. cxb5 cxb5 17. d4 Qd6 18. Qd2 Rd8 19. Bxh6 Bxh6 20. Qxh6 exd4 21. e5 Nf5 22. exd6 Nxh6 23. Nxd4 Rxd6 24. Naxb5 1/2-1/2

[Event "DEN-ch blitz Final Gr-1"]
[Site "Svendborg"]
[Date "2022.04.15"]
[Round "4"]
[White "Meskenas, Paulius"]
[Black "Andries, Alf"]
[Result "1-0"]
[WhiteElo "2110"]
[BlackElo "2019"]
[PlyCount "91"]
[EventDate "2022.04.15"]
[EventType "tourn (blitz)"]
[EventRounds "7"]
[EventCountry "DEN"]
[SourceTitle "EXT 2024"]
[Source "ChessBase"]
[SourceDate "2023.10.10"]
[SourceVersion "1"]
[SourceVersionDate "2023.10.10"]
[SourceQuality "1"]

1. e4 c5 2. c3 d5 3. exd5 Qxd5 4. d4 Nc6 5. Be3 cxd4 6. cxd4 e6 7. Nc3 Qd6 8. Nf3 Nf6 9. Bb5 Be7 10. 0-0 0-0 11. Qd2 a6 12. Bf4 Qd7 13. Ne5 Qe8 14. Nxc6 bxc6 15. Ba4 Bd7 16. Rad1 Nd5 17. Bg3 Qc8 18. Rfe1 Rd8 19. Rc1 Qb7 20. Nxd5 cxd5 21. Bxd7 Rxd7 22. a3 Bd6 23. Bxd6 Rxd6 24. Qc3 h6 25. b4 Rdd8 26. Qb3 Rdc8 27. a4 Qb6 28. Qb2 Rxc1 29. Rxc1 Rb8 30. b5 axb5 31. axb5 Qa5 32. Qb1 g6 33. Rc5 Kg7 34. h3 h5 35. Qb2 Qe1+ 36. Kh2 Qa5 37. Qe2 Qb6 38. g3 Kg8 39. Qe5 Qd8 40. Qf4 Ra8 41. Rc7 Qe8 42. b6 Rb8 43. b7 Qf8 44. Rxf7 Qd8 45. Qc7 Qxc7 46. Rxc7 1-0

[Event "DEN-ch cand"]
[Site "Svendborg"]
[Date "2022.04.13"]
[Round "2"]
[White "Andries, Alf"]
[Black "Nilssen, Ellen Fredericia"]
[Result "1/2-1/2"]
[WhiteElo "2087"]
[BlackElo "2110"]
[PlyCount "142"]
[EventDate "2022.04.10"]
[EventType "swiss"]
[EventRounds "7"]
[EventCountry "DEN"]
[SourceTitle "CBM 207 Extra"]
[Source "ChessBase"]
[SourceDate "2022.05.31"]
[SourceVersion "1"]
[SourceVersionDate "2022.05.31"]
[SourceQuality "1"]

1. e4 c5 2. c3 Nf6 3. e5 Nd5 4. d4 cxd4 5. Nf3 Nc6 6. Bc4 Nb6 7. Bb3 d6 8. exd6 Qxd6 9. Na3 dxc3 10. Qxd6 exd6 11. Nb5 Rb8 12. bxc3 Be6 13. Be3 Be7 14. Nxa7 Nd5 15. Nxc6 bxc6 16. Bxd5 Bxd5 17. 0-0 0-0 18. Rfd1 Ra8 19. Nd4 Bf6 20. Rac1 Ra4 21. Nf5 Rd8 22. Nxd6 Rxd6 23. c4 Rxa2 24. cxd5 cxd5 25. Bd4 h6 26. h3 Kh7 27. Bxf6 Rxf6 28. f3 Rd6 29. Rd4 Re6 30. Rc7 Rg6 31. Rg4 Rxg4 32. hxg4 Kg6 33. Rd7 Rd2 34. Kf1 Kf6 35. Ke1 Rxg2 36. Rxd5 g6 37. Kf1 Ra2 38. Rb5 Ke6 39. Kg1 Rd2 40. Ra5 f5 41. gxf5+ gxf5 42. Ra6+ Rd6 43. Ra5 Kf6 44. Kg2 Kg5 45. Kg3 Rd3 46. Ra4 Rd6 47. Ra5 Rf6 48. Rb5 Rc6 49. f4+ Kg6 50. Kh4 Re6 51. Ra5 Re4 52. Ra6+ Kg7 53. Ra7+ Kf6 54. Ra6+ Ke7 55. Rxh6 Rxf4+ 56. Kg3 Rg4+ 57. Kf3 Kf7 58. Ra6 Rg6 59. Rxg6 Kxg6 60. Kf4 Kf6 61. Kf3 Kg5 62. Kg3 f4+ 63. Kf3 Kf5 64. Kf2 Ke4 65. Ke2 f3+ 66. Kf2 Kf4 67. Kf1 Kg4 68. Kf2 Kf4 69. Kf1 Ke3 70. Ke1 f2+ 71. Kf1 Kf3 1/2-1/2

[Event "EU-ch Amateur Online 1400/1700"]
[Site "Tornelo INT"]
[Date "2021.04.17"]
[Round "4"]
[White "Andries, Alf"]
[Black "Tagkaloglou, Savvas Stefanos"]
[Result "1/2-1/2"]
[WhiteElo "1677"]
[BlackElo "1487"]
[PlyCount "46"]
[EventDate "2021.04.17"]
[EventType "swiss (rapid)"]
[EventRounds "8"]
[EventCountry "NET"]
[SourceTitle "EXT 2023"]
[Source "ChessBase"]
[SourceDate "2022.10.05"]
[SourceVersion "1"]
[SourceVersionDate "2022.10.05"]
[SourceQuality "1"]

1. e4 Nf6 2. Nc3 d5 3. exd5 Nxd5 4. Nxd5 Qxd5 5. Nf3 e5 6. d3 Nc6 7. Be2 Bc5 8. 0-0 0-0 9. Nd2 Nd4 10. Bf3 Nxf3+ 11. Qxf3 Qxf3 12. Nxf3 f6 13. Re1 Bg4 14. Nd2 Bf5 15. Ne4 Bxe4 16. Rxe4 Bd4 17. h3 Rad8 18. Be3 Bxe3 19. Rxe3 Rd4 20. Rae1 Rfd8 21. f3 c5 22. Kf2 Kf7 23. g3 R8d7 1/2-1/2

[Event "DEN-ch U14 rapid"]
[Site "Odense"]
[Date "2020.11.20"]
[Round "4"]
[White "Gade Burgaard, Kristian"]
[Black "Andries, Alf"]
[Result "1/2-1/2"]
[WhiteElo "1700"]
[BlackElo "1645"]
[PlyCount "38"]
[EventDate "2020.11.20"]
[EventType "swiss"]
[EventRounds "5"]
[EventCountry "DEN"]
[SourceTitle "EXT 2024"]
[Source "ChessBase"]
[SourceDate "2023.10.10"]
[SourceVersion "1"]
[SourceVersionDate "2023.10.10"]
[SourceQuality "1"]

1. d4 Nf6 2. c4 e6 3. Nc3 Bb4 4. Qc2 d5 5. cxd5 exd5 6. Bg5 0-0 7. a3 Be7 8. e3 Nbd7 9. b4 c6 10. Bd3 Re8 11. Nf3 Nf8 12. h3 Ne4 13. Bf4 f5 14. 0-0 Ng6 15. Bh2 Bd6 16. b5 Bxh2+ 17. Kxh2 Qd6+ 18. Kg1 Bd7 19. bxc6 Bxc6 1/2-1/2

[Event "DEN-ch Kort 1-3"]
[Site "Svendborg"]
[Date "2019.04.15"]
[Round "4"]
[White "Andries, Alf"]
[Black "Thygesen, Jesper Hoyerup"]
[Result "0-1"]
[WhiteElo "1563"]
[BlackElo "1632"]
[PlyCount "82"]
[EventDate "2019.04.13"]
[EventType "swiss"]
[EventRounds "5"]
[EventCountry "DEN"]
[SourceTitle "EXT 2023"]
[Source "ChessBase"]
[SourceDate "2022.10.05"]
[SourceVersion "1"]
[SourceVersionDate "2022.10.05"]
[SourceQuality "1"]

1. e4 e5 2. Nf3 Nc6 3. d4 exd4 4. Bc4 Bb4+ 5. c3 dxc3 6. bxc3 Bd6 7. 0-0 Nf6 8. Re1 Be5 9. Bg5 0-0 10. Nxe5 Nxe5 11. Bb3 h6 12. Bh4 d6 13. Bg3 Re8 14. Qc2 Bd7 15. Nd2 a5 16. a4 Nh5 17. Bxe5 dxe5 18. Nf3 Nf6 19. Rad1 Qe7 20. Qb2 Bc6 21. Bc2 Ra6 22. Qa1 Rb6 23. Nd2 Rd8 24. Nc4 Rxd1 25. Qxd1 Ra6 26. Bd3 Ra8 27. Qb1 b6 28. Qa1 Rd8 29. Bc2 Qc5 30. Qa2 Bb7 31. Qb3 Ba6 32. Nb2 Rd2 33. Nd1 Ng4 34. Ne3 Rxf2 35. c4 Rd2 36. h3 Nxe3 37. Rxe3 Qxc4 38. Qxc4 Bxc4 39. Rc3 Rd4 40. Kf2 Kf8 41. Ke3 Ke7 0-1